| 000 | 00569nam a2200205Ia 4500 | ||
|---|---|---|---|
| 003 | GCL | ||
| 008 | 140319s9999 xx 000 0 ara d | ||
| 040 |
_aGCL / _cGCL |
||
| 082 | 0 | 4 |
_a362.12 _bح ل |
| 100 | 1 | _aحسين القبانى | |
| 245 | 1 | 0 |
_aليالى القصر عن خفايا قصر العين / _cحسين القبانى |
| 300 | _a215 ص | ||
| 490 | _a | ||
| 650 | 0 | 4 | _aالامراض |
| 650 | 0 | 4 | _aالعلاج |
| 650 | 0 | 4 | _aالمستشفيات |
| 650 | 0 | 4 | _aالقصر العينى |
| 650 | 0 | 4 | _aالمستشفيات - مصر |
| 942 |
_2ddc _cBK |
||
| 999 |
_c38594 _d38594 |
||